| 000 | 00595nam a2200193 i 4500 | ||
|---|---|---|---|
| 001 | 19695 | ||
| 003 | ES-MaACL | ||
| 005 | 20250902103715.0 | ||
| 007 | t| | ||
| 008 | 021008s1873 sp ||||1| spa d | ||
| 080 | _a326.8(729.1) | ||
| 245 | 0 | 3 |
_aLa abolición en Cuba : _ba las Cortes Constituyentes la Sociedad Abolicionista Española. |
| 260 |
_aMadrid : _bSociedad Abolicionista Española, _c1873. |
||
| 300 |
_a[8] p. ; _c22 cm. |
||
| 650 | 4 |
_aEsclavitud- _zCuba. _9138905 |
|
| 710 | 2 |
_aSociedad Abolicionista Española _96627 |
|
| 852 | 4 |
_aES-MaACL _jT-616-F-8 |
|
| 999 |
_c19695 _d19695 |
||